Jornada sobre Diversitat i convivència ciutadana : 10 de desembre de 2004 : Recinte Torribera 10 de desembre de 2004 :
Descripción Física:
1 tríptic ; 21 cm
MARC
| LEADER | 00000nam a2200000Ia 4500 | ||
|---|---|---|---|
| 001 | 24546 | ||
| 008 | 160829s9999 xx 000 0 cat d | ||
| 080 | |a FU-67-41 | ||
| 245 | |a Jornada sobre Diversitat i convivència ciutadana : |b 10 de desembre de 2004 : |b Recinte Torribera | ||
| 260 | |a [Barcelona] : |b Diputació de Barcelona: |b Ajuntament de Santa Coloma de Gramanet, DL 2004 | ||
| 300 | |a 1 tríptic ; |c 21 cm | ||
| 650 | |a Pluralisme cultural |9 49945 | ||
| 650 | |a Convivència |9 45796 | ||
| 710 | 1 | |a Santa Coloma de Gramenet (Catalunya). |b Ajuntament |9 52755 | |
| 710 | 1 | |a Barcelona (Catalunya : Província). |b Diputació |9 52408 | |
| 901 | |a Arxiu | ||
| 942 | |n 1 | ||
| 952 | |0 0 |1 0 |4 0 |6 FU6741 |7 1 |9 55701 |a Arxiu |b Arxiu |d 2016-12-01 |l 0 |o FU-67-41 |p 24546 |r 2016-12-01 00:00:00 |w 2016-12-01 |y ARXIU | ||
| 999 | |c 59574 |d 59574 | ||